[Event "BLR-ch (Women)"]
[Site "Minsk"]
[Date "2003.??.??"]
[Round "11"]
[White "Kirik, Irina"]
[Black "Martynuk, Tatiana"]
[Result "0-1"]
[WhiteElo "2146"]
[BlackElo "2198"]
[PlyCount "110"]
[EventDate "2003.03.29"]
[EventType "tourn"]
[EventRounds "11"]
[EventCountry "BLR"]
[SourceTitle "EXT 2006"]
[Source "ChessBase"]
[SourceDate "2005.11.24"]
[SourceVersion "1"]
[SourceVersionDate "2005.11.24"]
[SourceQuality "1"]

1. e4 e5 2. Nf3 Nc6 3. Bb5 a6 4. Ba4 Nf6 5. 0-0 b5 6. Bb3 Bc5 7. Nxe5 Nxe5 8. d4 Bxd4 9. Qxd4 d6 10. f4 c5 11. Qd1 c4 12. fxe5 Qb6+ 13. Kh1 dxe5 14. Bxc4 bxc4 15. Nc3 0-0 16. Nd5 Nxd5 17. Qxd5 Bb7 18. Qxc4 Rad8 19. c3 a5 20. Qb3 Qc6 21. Re1 Ba6 22. Bg5 a4 23. Qb4 Rb8 24. Qa3 Bd3 25. Be7 Rfe8 26. Qd6 Bxe4 27. Qxc6 Bxc6 28. Bb4 f5 29. b3 Rbd8 30. Rad1 f4 31. Kg1 e4 32. Bd6 g5 33. c4 axb3 34. axb3 Rd7 35. b4 Red8 36. b5 Rxd6 37. Rxd6 Rxd6 38. bxc6 e3 39. Kf1 Rxc6 40. Rc1 Kf7 41. Ke2 Ke6 42. g3 Ke5 43. Kf3 Rh6 44. Rd1 g4+ 45. Kxg4 Rxh2 46. gxf4+ Ke4 47. Kg3 Rc2 48. Rd7 h5 49. Re7+ Kd3 50. Rd7+ Ke2 51. f5 Rxc4 52. f6 Rg4+ 53. Kh3 Kf2 54. Rg7 e2 55. f7 Rf4 0-1

[Event "BLR-ch (Women)"]
[Site "Minsk"]
[Date "2003.??.??"]
[Round "9"]
[White "Kirik, Irina"]
[Black "Romanova, Inna"]
[Result "0-1"]
[WhiteElo "2146"]
[BlackElo "2251"]
[PlyCount "88"]
[EventDate "2003.03.29"]
[EventType "tourn"]
[EventRounds "11"]
[EventCountry "BLR"]
[SourceTitle "EXT 2006"]
[Source "ChessBase"]
[SourceDate "2005.11.24"]
[SourceVersion "1"]
[SourceVersionDate "2005.11.24"]
[SourceQuality "1"]

1. e4 e6 2. d4 d5 3. e5 c5 4. c3 Nc6 5. Nf3 Qb6 6. a3 Nh6 7. Bxh6 gxh6 8. b4 cxd4 9. cxd4 Bg7 10. Nc3 0-0 11. Bd3 f6 12. Na4 Qd8 13. b5 Qa5+ 14. Kf1 Nxe5 15. dxe5 fxe5 16. Be2 e4 17. Nd4 e5 18. Nc2 Qxa4 19. Qxd5+ Kh8 20. Rc1 Bf5 21. Qc4 Qa5 22. Qb4 Qb6 23. Ne3 Bg6 24. Kg1 Rad8 25. h4 Qf6 26. Qe1 h5 27. Rc7 Rf7 28. Rxf7 Qxf7 29. g3 Qa2 30. Nc4 Bf7 31. Ne3 Qxa3 32. Kg2 Qb2 33. Nf5 Bf6 34. Rf1 Bg6 35. Ne3 Bf7 36. Nf5 Qd2 37. Qxd2 Rxd2 38. Re1 Be6 39. Ne3 Rb2 40. Bf1 Bd8 41. Be2 Bb6 42. Bxh5 Rxb5 43. Ng4 Rb2 44. Nxe5 Bxf2 0-1

[Event "BLR-ch (Women)"]
[Site "Minsk"]
[Date "2003.??.??"]
[Round "10"]
[White "Lagvilava, Genrieta"]
[Black "Kirik, Irina"]
[Result "1-0"]
[WhiteElo "2290"]
[BlackElo "2146"]
[PlyCount "63"]
[EventDate "2003.03.29"]
[EventType "tourn"]
[EventRounds "11"]
[EventCountry "BLR"]
[SourceTitle "EXT 2006"]
[Source "ChessBase"]
[SourceDate "2005.11.24"]
[SourceVersion "1"]
[SourceVersionDate "2005.11.24"]
[SourceQuality "1"]

1. e4 c5 2. Nc3 Nc6 3. Bb5 d6 4. Bxc6+ bxc6 5. d3 Nf6 6. Nge2 g6 7. 0-0 Bg7 8. h3 0-0 9. Be3 Ba6 10. Qd2 Re8 11. f4 Qc7 12. f5 Rad8 13. fxg6 hxg6 14. Rf2 d5 15. Bf4 e5 16. Bg5 Rd6 17. exd5 e4 18. Raf1 cxd5 19. Rxf6 Bxf6 20. Bxf6 e3 21. Qe1 Ree6 22. Qh4 Rxf6 23. Rxf6 Qd8 24. Rf4 g5 25. Qg3 Rg6 26. Rf5 d4 27. Ne4 c4 28. Rxg5 cxd3 29. Rxg6+ fxg6 30. Qxg6+ Kf8 31. Qxa6 dxe2 32. Qxe2 1-0

[Event "BLR-ch (Women)"]
[Site "Minsk"]
[Date "2003.??.??"]
[Round "3"]
[White "Tetenkina, Irina"]
[Black "Kirik, Irina"]
[Result "0-1"]
[WhiteElo "2292"]
[BlackElo "2146"]
[PlyCount "106"]
[EventDate "2003.03.29"]
[EventType "tourn"]
[EventRounds "11"]
[EventCountry "BLR"]
[SourceTitle "EXT 2006"]
[Source "ChessBase"]
[SourceDate "2005.11.24"]
[SourceVersion "1"]
[SourceVersionDate "2005.11.24"]
[SourceQuality "1"]

1. Nf3 Nf6 2. c4 g6 3. g3 Bg7 4. Bg2 0-0 5. 0-0 d6 6. d4 Nbd7 7. Nc3 c6 8. e4 Qc7 9. Re1 e5 10. h3 Re8 11. Be3 exd4 12. Nxd4 Nc5 13. Qc2 a5 14. Rad1 Be6 15. b3 Rad8 16. Nxe6 Nxe6 17. Na4 Nd7 18. a3 Ndc5 19. b4 axb4 20. axb4 Nxa4 21. Qxa4 c5 22. bxc5 dxc5 23. Rd5 Nd4 24. Bf4 Qb6 25. Bd6 Qc6 26. Qxc6 bxc6 27. Rxd4 cxd4 28. Bc5 Ra8 29. f4 Ra4 30. Rc1 d3 31. Be3 Bb2 32. Rd1 Rd8 33. c5 Ra1 34. Bf3 d2 35. Kf2 Rxd1 36. Bxd1 Bd4 37. Bxd4 Rxd4 38. Ke3 Rd8 39. Ke2 Kf8 40. Bc2 Ke7 41. Kd1 Rd4 42. g4 Kf6 43. h4 Ke7 44. Bb1 f6 45. g5 Rc4 46. Kxd2 Rxc5 47. Bd3 Ra5 48. Be2 Ra1 49. Bd1 Ra3 50. gxf6+ Kxf6 51. h5 g5 52. e5+ Kf5 53. fxg5 Kxg5 0-1

[Event "EU-ch U20 Girls"]
[Site "Baku"]
[Date "2002.07.21"]
[Round "8"]
[White "Kirik, Irina"]
[Black "Khusnutdinova, Luiza"]
[Result "1-0"]
[WhiteElo "2069"]
[BlackElo "2312"]
[PlyCount "62"]
[EventDate "2002.07.14"]
[EventType "swiss"]
[EventRounds "11"]
[EventCountry "AZE"]
[SourceTitle "CBM 089 Extra"]
[Source "ChessBase"]
[SourceDate "2002.09.10"]
[SourceVersion "2"]
[SourceVersionDate "2002.09.10"]
[SourceQuality "1"]

1. d4 d5 2. Nf3 Nf6 3. e3 c6 4. Bd3 e6 5. 0-0 Bd6 6. Ne5 Qc7 7. f4 c5 8. b3 Nc6 9. Nxc6 Qxc6 10. c4 Bd7 11. Nd2 Qb6 12. Nf3 Bc6 13. Bb2 dxc4 14. Bxc4 cxd4 15. Nxd4 Bc5 16. Qe2 Be4 17. Bb5+ Ke7 18. a4 Rhd8 19. a5 Qd6 20. Rfd1 Nd5 21. a6 Rdb8 22. axb7 Rxb7 23. Nc6+ Kf8 24. Be5 Qd7 25. Nxa7 Qe7 26. Nc6 Bxe3+ 27. Qxe3 Rxa1 28. Rxa1 f5 29. Ra8+ Kf7 30. Qf2 Rxb5 31. Nxe7 Nxe7 1-0

[Event "EU-ch U20 Girls"]
[Site "Baku"]
[Date "2002.07.15"]
[Round "2"]
[White "Kirik, Irina"]
[Black "Buckley, Melanie"]
[Result "1-0"]
[WhiteElo "2069"]
[BlackElo "2184"]
[PlyCount "117"]
[EventDate "2002.07.14"]
[EventType "swiss"]
[EventRounds "11"]
[EventCountry "AZE"]
[SourceTitle "CBM 089 Extra"]
[Source "ChessBase"]
[SourceDate "2002.09.10"]
[SourceVersion "2"]
[SourceVersionDate "2002.09.10"]
[SourceQuality "1"]

1. e4 e6 2. d4 d5 3. e5 c5 4. c3 Nc6 5. Nf3 Qb6 6. a3 a5 7. Be2 Bd7 8. 0-0 a4 9. Re1 Na5 10. Nbd2 Ne7 11. dxc5 Qxc5 12. c4 Ng6 13. b4 axb3 14. Nxb3 Qb6 15. Nxa5 Rxa5 16. Be3 Bc5 17. Rb1 Qc7 18. Bxc5 Rxc5 19. Qd4 0-0 20. Rxb7 Qxb7 21. Qxc5 Rc8 22. Qd4 dxc4 23. Bxc4 Bc6 24. Be2 Bd5 25. a4 Qa8 26. h4 Qa5 27. Kf1 Ra8 28. h5 Ne7 29. Ra1 Rb8 30. Qd2 Qc5 31. a5 Nf5 32. Rc1 Qa3 33. Ne1 h6 34. Qc3 Rb3 35. Qc8+ Kh7 36. a6 Rb2 37. Bd3 Rb8 38. Bxf5+ exf5 39. Qxf5+ Kg8 40. Rc8+ Rxc8 41. Qxc8+ Kh7 42. f3 Qa2 43. Qf5+ Kg8 44. Qc8+ Kh7 45. Qc2+ Qxc2 46. Nxc2 Bc4+ 47. Kf2 Bxa6 48. Ke3 Bc4 49. Nd4 Kg8 50. Kf4 Bd3 51. g4 g6 52. hxg6 Bxg6 53. Nf5 Kh7 54. Nd6 Kg7 55. Kg3 Bd3 56. Kh4 f6 57. e6 Kf8 58. Nf5 Bc4 59. e7+ 1-0

[Event "EU-ch U20 Girls"]
[Site "Baku"]
[Date "2002.07.14"]
[Round "1"]
[White "Melia, Salome"]
[Black "Kirik, Irina"]
[Result "1-0"]
[WhiteElo "2262"]
[BlackElo "2069"]
[PlyCount "69"]
[EventDate "2002.07.14"]
[EventType "swiss"]
[EventRounds "11"]
[EventCountry "AZE"]
[SourceTitle "CBM 089 Extra"]
[Source "ChessBase"]
[SourceDate "2002.09.10"]
[SourceVersion "2"]
[SourceVersionDate "2002.09.10"]
[SourceQuality "1"]

1. e4 c5 2. Nf3 d6 3. d4 cxd4 4. Nxd4 Nf6 5. Nc3 a6 6. Bg5 e6 7. Qd2 Be7 8. f3 0-0 9. 0-0-0 Qc7 10. g4 b5 11. h4 Bb7 12. a3 Rd8 13. h5 Nc6 14. Nxc6 Qxc6 15. Ne2 Rac8 16. Nd4 Qc5 17. Be3 Qc7 18. g5 Nd7 19. g6 Nf8 20. h6 Nxg6 21. hxg7 d5 22. e5 Qxe5 23. f4 Qxg7 24. f5 exf5 25. Nxf5 Qe5 26. Nxe7+ Qxe7 27. Bd4 Qe4 28. Rh6 Rc6 29. Bg2 Qg4 30. Rdh1 Rdc8 31. c3 Rc4 32. Bh3 Qe4 33. Bxc8 Rxc8 34. Rxh7 Kf8 35. Re1 1-0

[Event "EU-ch U20 Girls"]
[Site "Baku"]
[Date "2002.07.??"]
[Round "10"]
[White "Kirik, Irina"]
[Black "Jurkiewicz, Katarzyna"]
[Result "0-1"]
[WhiteElo "2069"]
[BlackElo "2190"]
[PlyCount "62"]
[EventDate "2002.07.14"]
[EventType "swiss"]
[EventRounds "11"]
[EventCountry "AZE"]
[SourceTitle "CBM 089 Extra"]
[Source "ChessBase"]
[SourceDate "2002.09.10"]
[SourceVersion "2"]
[SourceVersionDate "2002.09.10"]
[SourceQuality "1"]

1. e4 c5 2. Nf3 d6 3. d4 cxd4 4. Nxd4 Nf6 5. Nc3 Bd7 6. Be2 e5 7. Ndb5 Bc6 8. Bg5 a6 9. Na3 b5 10. Nd5 Nbd7 11. c3 Nb6 12. Nc2 Nbxd5 13. exd5 Bd7 14. Ne3 Be7 15. Bxf6 Bxf6 16. 0-0 0-0 17. Bg4 Be8 18. Qd3 g6 19. f4 b4 20. f5 bxc3 21. Qxc3 e4 22. Qa3 Qb6 23. Rf2 Bd4 24. Re1 Rb8 25. Kh1 Bxb2 26. Qb3 Qa5 27. Qxb8 Qxe1+ 28. Rf1 Qxe3 29. Qxb2 Bb5 30. Rd1 Qf4 31. Be2 Qf2 0-1